000 00867nam a2200265Ia 4500
003 OSt
005 20220923224457.0
006 a|||||r|||| 00| 0
007 ta
008 220922b |||||||| |||| 00| 0 hin d
020 _c60
024 _a235,242
037 _b427, 04/03/2008, University Book House
_cTextual
040 _aARTS
_cARTS
_bhin
041 _2hin
_ahin
082 _aO152,2N30,BB, N9
100 _aशंकर शेष
245 0 _aबिना बाती के दीप
246 _aBinā bātī ke dīpa
260 _aदिल्ली
_b पराग प्रकाशन
_c1999
300 _a102पृ.
_ccm.
650 _aहिन्दी साहित्य
_9156264
942 _hO152,2N30,BB, N9
_cTEXL
_2CC
999 _c371701
_d371701